|
|
|
|
| LEADER |
00000nam a2200000 a 4500 |
| 001 |
vtls001434830 |
| 003 |
SK-MaSNL |
| 005 |
20260223221933.0 |
| 008 |
210928s1982 xx 0 und |
| 035 |
|
|
|a SNK000389912
|
| 040 |
|
|
|a SNK
|b slo
|c SNK
|e AACR2
|
| 245 |
1 |
|
|a Otopné soustavy pro montovaný skelet II. kategorie S 1.2
|
| 260 |
|
|
|a Praha
|b Ministerstvo stavebnictví SSR
|c 1982
|
| 300 |
|
|
|a 23 s.
|
| 958 |
|
|
|a OND
|
| 999 |
|
|
|c 727939
|d 729869
|
| 952 |
|
|
|a SNK
|b SNK
|y PREZ
|7 0
|p 17A0983293
|o snkSB 34446
|0 0
|1 0
|4 0
|d 2012-07-17
|l 0
|r 2025-04-10 00:00:00
|w 2026-02-23
|
| 952 |
|
|
|t P60, <04>, [BOOK], {604}
|a SNK
|b SNK
|y VYP
|7 0
|p 17A0339151
|o snkSB 34446 D1
|0 0
|1 0
|4 0
|d 2002-05-25
|l 0
|r 2005-01-02 00:00:00
|w 2026-02-23
|